| 000 | 01235nam0a22002891 4500 | ||
|---|---|---|---|
| 001 | rc\2213566 | ||
| 005 | 20250623061446.0 | ||
| 035 | _a(NLR Aleph) 006620538 | ||
| 090 |
_a7444447 _c7444447 |
||
| 100 | _a20110829d1979 |||y0rusy50 ca | ||
| 101 | 0 | _arus | |
| 102 | _aRU | ||
| 105 | _aab z ||||| | ||
| 200 | 1 |
_aПроблемы водного хозяйства СССР в отдаленной перспективе _e[Сб. статей] _fАН СССР, Комис. по изучению производит. сил и природ. ресурсов при Президиуме АН СССР _g[Отв. ред.: акад. Т.С. Хачатуров, к. т. н. С.И. Ваничкина] |
|
| 210 |
_aМосква _cВИНИТИ _d1979 |
||
| 215 |
_a546 с. _cил., карт. _d21 |
||
| 320 | _aБиблиогр. в конце статей | ||
| 333 | _aДСП. Экз. № 8 | ||
| 702 | 1 |
_aВаничкина _bС.И. _4340 |
|
| 702 | 1 |
_4340 _7ca _8rus _aХачатуров _bТ. С. _f1906-1989 _gТигран Сергеевич _92642575 _3RU\NLR\AUTH\770273440 |
|
| 801 | 0 |
_aRU _bNLR _gpsbo |
|
| 801 | 1 |
_aRU _bELAR _2rusmarc |
|
| 852 |
_aNLR _j79-50К/607 |
||
| 899 |
_aRuMoRGB _jСХ |
||
| 942 | _cBOOK | ||
| 980 | _aNB | ||